ბათუმის შოთა რუსთაველის სახელმწიფო უნივერსიტეტის ბიბლიოთეკა

Cross-Cultural Management Culture and Management across the World. (ბიბ.ჩანაწერი № 45362)

000 -LEADER
fixed length control field 00615nam a2200217Ia 4500
001 - CONTROL NUMBER
control field 12186
003 - CONTROL NUMBER IDENTIFIER
control field GE_BSU
008 - FIXED-LENGTH DATA ELEMENTS--GENERAL INFORMATION
fixed length control field 181216s||||||||xx |||||||||||||| ||und||
020 ## - INTERNATIONAL STANDARD BOOK NUMBER
International Standard Book Number 9780203066805
040 ## - CATALOGING SOURCE
Transcribing agency GE_BSU
080 ## - UNIVERSAL DECIMAL CLASSIFICATION NUMBER
Universal Decimal Classification number 658
245 ## - TITLE STATEMENT
Title Cross-Cultural Management Culture and Management across the World.
245 ## - TITLE STATEMENT
Statement of responsibility, etc. Edited by Jean -Frangois Chanlat, Eduardo Davel and Jean-Pierre Dupuis.
260 ## - PUBLICATION, DISTRIBUTION, ETC.
Place of publication, distribution, etc. New York.
260 ## - PUBLICATION, DISTRIBUTION, ETC.
Name of publisher, distributor, etc. Routledge.
260 ## - PUBLICATION, DISTRIBUTION, ETC.
Date of publication, distribution, etc. 2013
300 ## - PHYSICAL DESCRIPTION
Extent 246p;26cm.
653 ## - INDEX TERM--UNCONTROLLED
Uncontrolled term Cross-Cultural Management Culture and Management across the World.
942 ## - ADDED ENTRY ELEMENTS (KOHA)
Koha item type წიგნი
ეგზემპლარები
Withdrawn status Lost status Damaged status Not for loan Date acquired Barcode Date last seen Price effective from Koha item type
        2018-12-17 36017 2018-12-17 2018-12-17 წიგნი